| 000 | 00989nam a2200217Ii 4500 | ||
|---|---|---|---|
| 003 | JO-AjNU | ||
| 008 | 230605s9999||||xx |||||||||||||| ||und|| | ||
| 017 | _a2006/21366 | ||
| 020 | _a977-09-5035-9 | ||
| 040 |
_aJO-AjNU _bara _erda _cJO-AjNU |
||
| 041 | _aara | ||
| 050 | 1 | 4 | _aKRM641.2006 |
| 100 | 3 |
_aشلقامى، شحاته غريب محمد, _eauthor _953119 |
|
| 245 | 0 | 0 | _aالاستملاك وتداعياته القانونية : دراسة تحليلية في القانون المدني وقوانين نزع الملكية وأحكام القضاء في مصر والبحرين |
| 264 | 3 | 1 | _aالقاهرة : دار النهضة العربية ، 2006 |
| 300 |
_a202ص _bيشتمل على ملاحق ص (165-195) ويشتمل على مراجع ببلوغرافية ص(196-200) |
||
| 336 |
_atext _btxt _2rdacontent |
||
| 337 |
_aunmediated _bn _2rdamedia |
||
| 338 |
_avolume _bnc _2rdacarrier |
||
| 650 | 4 |
_aقوانين -- الاستملاك -- قانون مدني _953120 |
|
| 999 |
_aA23572 _c27140 _d27140 |
||